| 000 | 00369nam a2200145Ia 4500 | ||
|---|---|---|---|
| 008 | 151213s9999 xx 000 0 und d | ||
| 100 | _aSyed Amjad Husain | ||
| 245 |
_aSiraj Ud Doulah Undying Hero _cSyed Amjad Husain |
||
| 260 |
_aDhaka _bShattia Mala _c1993 |
||
| 300 | _a8675 p. | ||
| 650 | _aBangla | ||
| 650 | _aPlay | ||
| 700 | _aSyed Amjad Husain | ||
| 999 |
_c4461 _d4461 |
||